One Piece - Famille Charlotte - Statistiques

Statistiques générales
  • Ce quiz a été pris 1 484 fois
    1 462 depuis la dernière actualisation
  • Le résultat moyen est 19 sur 46
Statistiques - réponses
Statut dans la famille Nom % Correct
Mère Charlotte Rinrin
99%
2ème fils Charlotte Katakuri
97%
1er fils Charlotte Perospero
90%
35ème fille Charlotte Pudding
87%
14ème fille Charlotte Smoothie
85%
4ème fils Charlotte Oven
84%
10ème fils Charlotte Cracker
81%
8ème fille Charlotte Brûlée
78%
3ème fils Charlotte Daifuku
72%
23ème fille Charlotte Lola
72%
19ème fils Charlotte Mont d'Or
69%
Gendre Capone Bege
64%
22ème fille Charlotte Chiffon
64%
5ème fils Charlotte Opéra
61%
3ème fille Charlotte Amande
59%
1ème fille Charlotte Compote
55%
36ème fille Charlotte Flambe
47%
25ème Mari Pound
47%
25ème fils Charlotte Snack
46%
Petit-fils Capone Pets
43%
18ème fille Charlotte Galette
41%
Gendre Aladdin
40%
21ème fille Charlotte Praline
35%
34ème fils Charlotte Mascarpone
31%
15ème fille Charlotte Citron
30%
16ème fils Charlotte Moscato
25%
33ème fils Charlotte Raisin
24%
29ème fille Charlotte Joscarpone
23%
Place dans les naissances inconnue Charlotte Anana
22%
7ème fils Charlotte Cadenza
21%
19ème fille Charlotte Poire
21%
26ème fils Charlotte Bavarois
20%
6ème fils Charlotte Counter
20%
Place dans les naissances inconnue Charlotte Anglais
17%
32ème fils Charlotte Brownie
16%
16ème fille Charlotte Cinnamon
16%
9ème fils Charlotte Gala
15%
27ème fille Charlotte Joconde
15%
8ème fils Charlotte Cabalette
14%
Place dans les naissances inconnue Charlotte Dragée
14%
12ème fils Charlotte Nusstorte
12%
Place dans les naissances inconnue Charlotte Dolce
11%
Place dans les naissances inconnue Charlotte Dosmarche
7%
Place dans les naissances inconnue Charlotte Myukuru
7%
35ème fils Charlotte Yuen
7%
Place dans les naissances inconnue Charlotte Baskartte
2%
Aucun quiz correspondant
Distribution des résultats
% des personnes avec chaque résultat
Percentile par nombre de réponses
Votre historique - résultats
Vous n’avez pas pris ce quiz depuis la dernière actualisation